[Event "AUTO-INT-860"]
[Site "http://www.queenalice.com/game.php?id=384329"]
[Date "2008.4.9"]
[Round "1"]
[White "pistori"]
[Black "luizantoniosetti"]
[Result "0-1"]
[WhiteElo "1626"]
[BlackElo "1792"]

1. e4 e6 2. d4 d5 3. exd5 exd5 4. Bf4 Nf6 5. Bd3 Be7 6. Nf3 Bg4 7. Nc3 c6 8. h3
Bxf3 9. gxf3 O-O 10. Rg1 Bd6 11. Bh6 g6 12. Qd2 Re8+ 13. Ne2 Nbd7 14. O-O-O Nh5
15. Kb1 a5 16. f4 c5 17. f5 c4 18. fxg6 cxd3 19. gxh7+ Kxh7 20. Nf4 dxc2+ 21.
Kxc2 Qc7+ 22. Kb1 Bxf4 23. Qd3+ Kxh6 24. Qf5 Ndf6 25. Rg4 Rac8 26. Rxf4 Qxf4 27.
Qd3 Qe4 28. Qxe4 Rxe4 29. f3 Rf4 30. a3 Rxf3 31. Rd2 Rxh3 32. Rf2 Kg5 33. Re2
Ne4 34. Rg2+ Rg3 35. Re2 Rc4 36. Re1 Rxd4 0-1

[Event "AUTO-INT-860"]
[Site "http://www.queenalice.com/game.php?id=384344"]
[Date "2008.4.9"]
[Round "1"]
[White "mzambiasi"]
[Black "pistori"]
[Result "0-1"]
[WhiteElo "1438"]
[BlackElo "1599"]

1. e4 e5 2. Qh5 Nc6 3. Nc3 Nf6 4. Qe2 Nd4 5. Qd3 Bc5 6. Qg3 O-O 7. Qxe5 d6 8.
Qf4 Nxc2+ 9. Kd1 Nxa1 10. b3 Bg4+ 11. f3 Be6 12. Bb2 Nxb3 13. axb3 Bxb3+ 14. Ke1
d5 15. e5 Re8 16. Nge2 Nd7 17. Nxd5 Bxd5 18. Qg4 Nxe5 19. Qf4 Nd3+ 20. Kd1 Bb3#
0-1

[Event "AUTO-INT-860"]
[Site "http://www.queenalice.com/game.php?id=384345"]
[Date "2008.4.9"]
[Round "1"]
[White "pistori"]
[Black "mzambiasi"]
[Result "1-0"]
[WhiteElo "1639"]
[BlackElo "1489"]

1. e4 Nf6 2. e5 Nd5 3. c4 Nb4 4. a3 N4c6 5. d4 e6 6. Nc3 Na6 7. Nf3 g5 8. Bxg5
Be7 9. Bh6 f5 10. Nd2 d6 11. Qh5+ Kd7 12. Be2 Nxd4 13. Bd3 Nc5 14. Bb1 dxe5 15.
b4 Ncb3 16. Nxb3 Nxb3 17. Ra2 Qg8 18. Bc2 Nd4 19. Ba4+ c6 20. b5 Kd8 21. Rd2 Bd7
22. Ne2 Qxg2 23. Rg1 Qe4 24. Rg3 Be8 25. Qh3 a6 26. bxc6 bxc6 27. Bc2 Qxc2 28.
Rxc2 Nxc2+ 29. Kf1 Nxa3 30. Rg7 Bf6 31. Rb7 Kc8 32. Qb3 Nb5 33. cxb5 Kxb7 34.
bxc6+ Ka7 35. Qb7# 1-0

[Event "AUTO-INT-860"]
[Site "http://www.queenalice.com/game.php?id=384354"]
[Date "2008.4.9"]
[Round "1"]
[White "CJ"]
[Black "pistori"]
[Result "0-1"]
[WhiteElo "1478"]
[BlackElo "1619"]

1. e4 e5 2. Nf3 d6 3. Nc3 Nc6 4. Bb5 Bg4 5. Bxc6+ bxc6 6. h3 Bh5 7. g4 Bg6 8. d3
Be7 9. b3 f6 10. Nh4 Bf7 11. Nf5 Bf8 12. Ba3 g6 13. Ne3 d5 14. Bxf8 Kxf8 15.
exd5 cxd5 16. Nb5 c6 17. Na3 Qa5+ 18. Qd2 Qxa3 19. O-O Ne7 20. c4 f5 21. g5 f4
22. Ng4 Qd6 23. Rfe1 Nf5 24. Rxe5 Nh4 25. Qxf4 Nf5 26. Nf6 dxc4 0-1

[Event "AUTO-INT-860"]
[Site "http://www.queenalice.com/game.php?id=384355"]
[Date "2008.4.9"]
[Round "1"]
[White "pistori"]
[Black "CJ"]
[Result "1-0"]
[WhiteElo "1426"]
[BlackElo "1661"]

1. e4 e5 2. Nc3 Bc5 3. Bc4 Qf6 4. Nf3 d6 5. Nd5 Qg6 6. O-O Bh3 7. g3 Bxf1 8.
Kxf1 Na6 9. Bxa6 Qxe4 10. Bxb7 Qc4+ 11. d3 Qa4 12. Bxa8 Kd7 13. b3 Qa5 14. Bd2
Qa6 15. Ng5 Nh6 16. Nxf7 Nxf7 17. Qg4+ Kd8 18. Bg5+ Nxg5 19. Qxg5+ Kc8 20. Qxg7
Qa5 21. Qxh8+ Kd7 22. Qg7+ 1-0

[Event "Challenge"]
[Site "http://www.queenalice.com/game.php?id=397417"]
[Date "2008.5.3"]
[Round "-"]
[White "pistori"]
[Black "Sigmund"]
[Result "1-0"]
[WhiteElo "1653"]
[BlackElo "1666"]

1. e4 e5 2. d3 Nc6 3. Nc3 Nf6 4. f4 d6 5. Nf3 Bg4 6. Be2 Be7 7. f5 Bxf3 8. Bxf3
Nd4 9. O-O Qd7 10. Be3 c5 11. Nd5 Nxd5 12. exd5 Nxf5 13. Bd2 O-O 14. Bg4 g6 15.
Bxf5 gxf5 16. Qh5 Kh8 17. Rxf5 Rg8 18. Rxf7 Rg7 19. Rxg7 Kxg7 20. Bh6+ Kh8 21.
Qf7 Rg8 22. Rf1 Qg4 23. g3 Bg5 24. Bxg5 Qxg5 25. Qf6+ Qxf6 26. Rxf6 Rg6 27. Rf8+
Rg8 28. Rxg8+ Kxg8 29. Kg2 Kg7 30. Kh3 Kg6 31. Kg4 h5+ 32. Kf3 Kg5 33. h3 b5 34.
Ke4 a5 35. c3 a4 36. d4 exd4 37. cxd4 c4 38. Ke3 b4 39. Kd2 Kf5 40. a3 c3+ 41.
bxc3 b3 42. c4 Ke4 43. g4 hxg4 44. hxg4 1-0

[Event "AUTO-ADV-897"]
[Site "http://www.queenalice.com/game.php?id=397986"]
[Date "2008.5.4"]
[Round "1"]
[White "pistori"]
[Black "cyrilledeLePin"]
[Result "0-1"]
[WhiteElo "1655"]
[BlackElo "1766"]

1. e4 e6 2. d4 d5 3. e5 c5 4. c3 Qb6 5. Nf3 Ne7 6. Be2 Nbc6 7. O-O Nf5 8. Be3
Nxe3 9. fxe3 Qxb2 10. Nbd2 Qxc3 11. dxc5 Bxc5 12. Kh1 Qxe3 13. Nb3 Bd7 14. Nxc5
Qxc5 15. Rc1 Qb6 16. Qd3 Qd8 17. Rf2 Rc8 18. Rcf1 g6 19. Qe3 f6 20. Qh6 Nxe5 21.
Nxe5 Qe7 22. Nxg6 hxg6 23. Qxh8+ Qf8 24. Qxf8+ Kxf8 25. Rxf6+ Kg8 26. Rxg6+ Kh7
27. Bd3 Kh8 28. Rh6+ Kg7 29. Rh7+ Kg8 30. Rxd7 a6 31. h3 b5 0-1

[Event "AUTO-ADV-897"]
[Site "http://www.queenalice.com/game.php?id=397987"]
[Date "2008.5.4"]
[Round "1"]
[White "cyrilledeLePin"]
[Black "pistori"]
[Result "1-0"]
[WhiteElo "1753"]
[BlackElo "1672"]

1. e4 e5 2. Nf3 d6 3. g3 f5 4. Nc3 Nf6 5. d3 Be7 6. Bg2 O-O 7. O-O f4 8. b3 Qe8
9. Bb2 Nh5 10. Nd5 Bd8 11. Nh4 c6 12. Nc3 Bxh4 13. gxh4 Qg6 14. Qf3 Bh3 15. Qxh3
f3 16. Nd1 fxg2 17. Qxg2 Qf6 18. Bc1 Qxh4 19. Bg5 Nf4 20. Bxh4 Nxg2 21. Kxg2 Nd7
22. Be7 Rf7 23. Bxd6 Rf6 24. Be7 Rg6+ 25. Kf3 Re8 26. Bb4 c5 27. Bd2 Nf6 28. Ne3
Rf8 29. Ke2 Nh5 30. Nd5 Rg2 31. Be3 Rxh2 32. Rg1 b6 33. Raf1 1-0

[Event "AUTO-ADV-897"]
[Site "http://www.queenalice.com/game.php?id=397988"]
[Date "2008.5.4"]
[Round "1"]
[White "pistori"]
[Black "rmvwoods"]
[Result "0-1"]
[WhiteElo "1614"]
[BlackElo "1920"]

1. e4 e6 2. d4 d5 3. e5 c5 4. c3 Nc6 5. Be2 Qb6 6. Nf3 cxd4 7. cxd4 Bb4+ 8. Nc3
Nge7 9. O-O Nf5 10. Be3 Nxe3 11. fxe3 Bd7 12. Ng5 Be7 13. Nxf7 Rf8 14. Nd6+ Bxd6
15. exd6 Qxb2 16. Nb5 O-O-O 17. Rc1 Kb8 18. Rb1 Qxa2 19. Nc7 Qa3 20. Rxb7+ Kxb7
21. Qb1+ Nb4 0-1

[Event "AUTO-ADV-897"]
[Site "http://www.queenalice.com/game.php?id=397989"]
[Date "2008.5.4"]
[Round "1"]
[White "rmvwoods"]
[Black "pistori"]
[Result "1-0"]
[WhiteElo "1924"]
[BlackElo "1566"]

1. e4 e5 2. Nf3 d6 3. d4 Bg4 4. dxe5 Bxf3 5. Qxf3 dxe5 6. Bc4 Qf6 7. Qb3 b6 8.
O-O Bc5 9. Be3 Nd7 10. Nd2 Ne7 11. Qd3 Rd8 12. Rad1 Ng6 13. Nf3 O-O 14. Bg5 Qc6
15. Bxd8 Rxd8 16. Ng5 h6 17. Nxf7 Kh7 18. Nxd8 Qf6 19. Qxd7 Nf4 20. Qf5+ Qxf5
21. exf5 h5 22. Ne6 Nxe6 23. fxe6 a5 24. Rd7 1-0

[Event "AUTO-ADV-897"]
[Site "http://www.queenalice.com/game.php?id=397990"]
[Date "2008.5.4"]
[Round "1"]
[White "pistori"]
[Black "mateus_amorim96"]
[Result "0-1"]
[WhiteElo "1541"]
[BlackElo "1616"]

1. e4 c5 2. Nc3 Nc6 3. d3 e6 4. Be2 h6 5. f4 Be7 6. Nf3 d6 7. O-O e5 8. f5 Nf6
9. Qe1 Nd4 10. Nxd4 cxd4 11. Nd1 b6 12. Nf2 Bb7 13. Nh3 d5 14. Bf3 O-O 15. Qg3
Kh7 16. Nf2 dxe4 0-1

[Event "AUTO-ADV-897"]
[Site "http://www.queenalice.com/game.php?id=397991"]
[Date "2008.5.4"]
[Round "1"]
[White "mateus_amorim96"]
[Black "pistori"]
[Result "1-0"]
[WhiteElo "1629"]
[BlackElo "1528"]

1. d4 d5 2. Bf4 e6 3. a3 Nf6 4. Nf3 c5 5. dxc5 Bxc5 6. e3 Nc6 7. Bd3 Nh5 8. Nd4
Nxf4 9. Nxc6 bxc6 10. exf4 Qf6 11. Qc1 O-O 12. O-O e5 13. fxe5 Qd8 14. c4 d4 15.
Qf4 f6 16. exf6 1-0

[Event "AUTO-OPEN-1120"]
[Site "http://www.queenalice.com/game.php?id=398035"]
[Date "2008.5.4"]
[Round "1"]
[White "IrineuFilho"]
[Black "pistori"]
[Result "1-0"]
[WhiteElo "1653"]
[BlackElo "1564"]

1. e4 e5 2. Nf3 d6 3. d4 Bg4 4. dxe5 Bxf3 5. Qxf3 dxe5 6. Bc4 Nf6 7. Qf5 Nc6 8.
O-O Bd6 9. Bg5 Nd4 10. Bxf6 Qxf6 11. Qg4 Nxc2 12. Nc3 Nxa1 13. Rxa1 Bc5 14. Nd5
Qxf2+ 15. Kh1 O-O 16. Nxc7 Rad8 17. Rf1 Qxb2 18. h3 1-0

[Event "AUTO-OPEN-1120"]
[Site "http://www.queenalice.com/game.php?id=398036"]
[Date "2008.5.4"]
[Round "1"]
[White "pistori"]
[Black "IrineuFilho"]
[Result "0-1"]
[WhiteElo "1552"]
[BlackElo "1665"]

1. e4 d5 2. exd5 Qxd5 3. Nc3 Qe5+ 4. Be2 Nc6 5. Nf3 Qe6 6. d4 Nb4 7. Nb5 Qb6 8.
Bf4 Qa5 9. O-O a6 10. Nxc7+ Kd8 11. Nxa8 h6 12. Bc7+ Qxc7 13. Nxc7 Kxc7 14. c3
Nd5 15. c4 Nf4 16. Ne5 Nf6 0-1

[Event "AUTO-OPEN-1120"]
[Site "http://www.queenalice.com/game.php?id=398063"]
[Date "2008.5.4"]
[Round "1"]
[White "GGeiks"]
[Black "pistori"]
[Result "1-0"]
[WhiteElo "1869"]
[BlackElo "1641"]

1. e4 e5 2. Nf3 d6 3. d4 Bg4 4. Bc4 Bxf3 5. Qxf3 Nf6 6. Qb3 d5 7. exd5 exd4 8.
O-O Be7 9. d6 Bxd6 10. Bxf7+ Kf8 11. Qxb7 Bxh2+ 12. Kxh2 Ng4+ 13. Kg3 Kxf7 14.
Kxg4 Qd7+ 15. Kg3 Nc6 16. Qb3+ Kf8 17. Na3 Ne5 18. f3 Qd6 19. Bf4 Qg6+ 20. Kf2
Nf7 21. Rfe1 Rd8 22. Qb4+ Nd6 23. Nc4 Kf7 24. Ne5+ Kf6 25. Nxg6 hxg6 26. Qxd4+
1-0

[Event "AUTO-OPEN-1120"]
[Site "http://www.queenalice.com/game.php?id=398064"]
[Date "2008.5.4"]
[Round "1"]
[White "pistori"]
[Black "GGeiks"]
[Result "0-1"]
[WhiteElo "1633"]
[BlackElo "1886"]

1. d4 Nf6 2. e3 g6 3. Nf3 Bg7 4. Nc3 d5 5. Bd3 O-O 6. O-O Bg4 7. h3 Bxf3 8. Qxf3
c6 9. e4 dxe4 10. Nxe4 Qxd4 11. Be3 Qd8 12. Rad1 Qa5 13. Nxf6+ Bxf6 14. c3 Qxa2
15. Bd4 Bxd4 16. cxd4 Nd7 17. h4 Nf6 18. Qe3 e6 19. f4 Qd5 20. f5 exf5 21. Qg3
Kh8 22. Qg5 Qxd4+ 23. Kh1 Ng4 24. Rd2 Qe3 0-1

[Event "1º Só na Manha"]
[Site "http://www.queenalice.com/game.php?id=409164"]
[Date "2008.5.27"]
[Round "1"]
[White "pistori"]
[Black "willianfc"]
[Result "0-1"]
[WhiteElo "1615"]
[BlackElo "1989"]

1. e4 e5 2. d3 Nc6 3. f4 Qh4+ 4. g3 Qf6 5. Nf3 Bc5 6. f5 Nd4 7. Nxd4 Bxd4 8. Nd2
c6 9. Nf3 Qd6 10. c3 Bb6 11. Bg2 Nf6 12. Qe2 h6 13. Be3 Bxe3 14. Qxe3 b6 0-1